Most Popular PC Operating Systems in the U.S. - Statistics

General Stats
  • This quiz has been taken 85 times
  • The average score is 3 of 4
Answer Stats
% Operating System % Correct
77% Microsoft Windows
99%
2% Linux
97%
9% macOS
85%
6% Chrome OS
49%
No matching quizzes found
Score Distribution
Percent of People with Each Score
Percentile by Number Answered
Your Score History
You have not taken this quiz